Business spanish dictionary: spanish-english, english-spanish; español-inglés, inglés-español
Sparad:
| Materialtyp: | Bok |
|---|---|
| Språk: | spanska engelska |
| Publicerad: |
Londres
Peter Collin
1997
|
| Ämnen: | |
| Taggar: |
Lägg till en tagg
Inga taggar, Lägg till första taggen!
|
MARC
| LEADER | 00000nam a2200000 a 4500 | ||
|---|---|---|---|
| 001 | UCN0501 | ||
| 003 | CL-VaPUC | ||
| 008 | 010323e19970000UK |||||||||||||||||spa|d | ||
| 041 | 0 | 7 | |a spa |2 CL-VaPUC |
| 041 | 0 | 7 | |a eng |2 CL-VaPUC |
| 082 | 0 | 4 | |a 658.03 |b BUS |2 21 |
| 245 | 1 | 0 | |a Business spanish dictionary: spanish-english, english-spanish; español-inglés, inglés-español |
| 300 | |a 631 p | ||
| 942 | |c BK | ||
| 945 | |d 20010323 00:00:00 |a vberengu | ||
| 260 | |a Londres |b Peter Collin |c 1997 | ||
| 650 | 0 | |a Diccionarios |9 256200 | |
| 650 | 0 | |a Glosarios |9 261047 | |
| 650 | 7 | |a NEGOCIOS DICCIONARIOS |2 CL-VaPUC |9 455767 | |
| 650 | 0 | |a Inglés |9 260023 | |
| 650 | 0 | |a Español |9 255372 | |
| 583 | |a last modification |c 20130316 11:52:08 |k Rodrigo Vera | ||
| 999 | |c 294249 |d 294247 | ||
| 952 | |0 0 |1 0 |4 0 |6 658_030000000000000_BUS_1997 |7 0 |8 X |9 346358 |a BIBEDU |b BIBEDU |d 2019-11-20 |i 3701751 |l 1 |o 658.03 BUS 1997 |p 3701751 |r 2023-10-02 |s 2023-10-02 |w 2019-11-20 |y BK_X |k CIT | ||
| 952 | |0 0 |1 0 |4 0 |6 658_030000000000000_BUS_1997 |7 0 |8 X |9 346359 |a BIBEDU |b BIBEDU |d 2019-11-20 |i 3728242 |o 658.03 BUS 1997 |p 3728242 |r 2023-01-13 |w 2019-11-20 |y BK_X |k CIT | ||